| 000 | 01383nam0a2200337 4500 | ||
|---|---|---|---|
| 001 | RU\NLR\BIBL_A\010922587 | ||
| 005 | 20250624202007.0 | ||
| 010 |
_a978-5-9558-0476-7 _91000 |
||
| 021 |
_aRU _b2015-91185 _95620 |
||
| 035 | _a(NILC)RuMoRGB-008078835 | ||
| 035 | _a(NLR Aleph) 010922587 | ||
| 090 |
_a10683644 _c10683644 |
||
| 100 | _a20151209d2015 |||y0rusy50 ca | ||
| 101 | 1 |
_arus _cger |
|
| 102 | _aRU | ||
| 105 | _ay|||z|||000yy | ||
| 200 | 1 |
_aЭкспансия евро _eграницы возможного _fДитрих Вальтер (издатель), Вальтер Шток, Вольф Д. Хартманн _gпер. с нем. [Алексеев Юрий Михайлович _gвступ. ст.: Гринберг Руслан СеменовичЮ д.э.н., чл.-кор. РАН] |
|
| 210 |
_aМосква _cВузовский учебник _d2015 |
||
| 215 |
_a187 с. _d19 |
||
| 320 | _aБиблиогр.: с. 179-187 (97 назв.) | ||
| 606 | 1 |
_aЕвро _92110332 _3RU\NLR\AUTH\661275451 |
|
| 675 | _a330 | ||
| 686 | 1 | _aУ26(4)26 | |
| 700 | 1 |
_aВальтер _bД. _gДитрих |
|
| 701 | 1 |
_aШток _bВ. _f1944- _gВальтер |
|
| 701 | 1 |
_aХартманн _bВ. Д. _f1946- _gВольф Дитрих |
|
| 801 | 0 |
_aRU _bРГБ _c20151124 _gRCR |
|
| 942 | _cBOOK | ||
| 980 | _aNB | ||